Antike Musterblätter : Wirkkartons aus dem spätantiken und frühbyzantinischen Ägypten /

محفوظ في:

المؤلف الرئيسي: Stauffer, Annemarie.

التنسيق: كتاب

اللغة: German

منشور في: Wiesbaden : Reichert Verlag, 2008.

سلاسل: Spätantike, frühes Christentum, Byzanz. Grundlagen und Monumente ; 15.

الموضوعات:

الوسوم: إضافة وسم

لا توجد وسوم, كن أول من يضع وسما على هذه التسجيلة!

رقم الطلب: ( F )NK8807.15 .S73 2008

LEADER 01235cam a2200325Ii 4500
001 ocn746530249
003 OSt
005 20241028091739.0
008 110812s2008 gw af bc 000 0 ger d
999 |c 56826  |d 56826 
010 |a 2009415138 
020 |a 3895005843 
020 |a 9783895005848 
035 |a (OCoLC)746530249 
040 |c ARCE Library 
050 4 |a ( F )NK8807.15 .S73 2008 
100 1 |a Stauffer, Annemarie. 
245 1 0 |a Antike Musterblätter :   |b Wirkkartons aus dem spätantiken und frühbyzantinischen Ägypten /   |c von Annemarie Stauffer. 
260 |a Wiesbaden :  |b Reichert Verlag,  |c 2008. 
300 |a 198 p., 48 p. of plates :   |b ill. (some col.) ;  |c 32 cm. 
490 1 |a Spätantike, frühes Christentum, Byzanz. Reihe A: Grundlagen und Monumente ;  |v 15. 
504 |a Includes bibliographical references and index. 
650 0 |a Textile industry  |z Egypt  |x History. 
650 0 |a Textile design  |z Egypt  |x History. 
650 0 |a Textile fabrics  |z Egypt  |x History. 
650 0 |a Decoration and ornament, Roman  |z Egypt. 
650 0 |a Decoration and ornament, Byzantine  |z Egypt. 
830 0 |a Spätantike, frühes Christentum, Byzanz.  |n Reihe A,  |p Grundlagen und Monumente ;  |v 15. 
901 |a reviewed 
942 |2 lcc  |c BK